000 00372nam a2200133 a 4500
005 20140414093834.0
008 030610s19uu xx 00 eng d
050 _aCDR 540
_bMAD 1998
245 _aMad about science. Disc 3 :
_bmatter.
500 _a"The interactive chemistry lab that really teaches science"
650 _aChemistry.
942 _cAVM
999 _c108946
_d108946